Svetové letecké aliancie
Vznik strategických aliancií v leteckej doprave. Zásady spolupráce aliančných zoskupení a internacionalizácia siete leteckých spojení. Konkurenčné výhody leteckých spoločností, plynúce z členstva v aliancii. Zníženie prevádzkových nákladov a poskytovanie vyššej kvality služieb.
Guardado en:
| Autor principal: | |
|---|---|
| Otros Autores: | |
| Formato: | Capítulo de libro |
| Lenguaje: | eslovaco |
| Materias: | |
| Etiquetas: |
Sin Etiquetas, Sea el primero en etiquetar este registro!
|
MARC
| LEADER | 00000naa a2200000 4500 | ||
|---|---|---|---|
| 001 | 0196302 | ||
| 005 | 20231207080147.3 | ||
| 041 | 0 | |a slo | |
| 044 | |a SK | ||
| 245 | 1 | 0 | |a Svetové letecké aliancie |c Alena Novák Sedláčková, Marek Turiak |
| 520 | |a Vznik strategických aliancií v leteckej doprave. Zásady spolupráce aliančných zoskupení a internacionalizácia siete leteckých spojení. Konkurenčné výhody leteckých spoločností, plynúce z členstva v aliancii. Zníženie prevádzkových nákladov a poskytovanie vyššej kvality služieb. | ||
| 610 | 2 | 0 | |a doprava letecká |
| 610 | 2 | 0 | |a doprava letecká medzinárodná |
| 610 | 2 | 0 | |a letiská |
| 610 | 2 | 0 | |a spoločnosti letecké |
| 610 | 2 | 0 | |a náklady |
| 610 | 2 | 0 | |a služby |
| 610 | 2 | 0 | |a kvalita |
| 610 | 2 | 0 | |a konkurencia |
| 100 | 1 | |a Novák Sedláčková, Alena | |
| 700 | 1 | |a Turiak, Marek | |